000 01693ngm a22004330a 4500
001 PT45293
003 AR-LpoUNG
005 20210201235950.0
007 vd cvaizq
008 191001s2008||||ag |||||||||||||||||spa d
040 _aAR-LpoUNG
_bspa
_cAR-LpoUNG
_eaacr
041 _aspa
044 _aag
082 0 _a306.349 213gri
100 1 _aD'Aquino, Fabiana
_edir.
245 1 3 _aEl grito de Alcorta
250 _a1ª ed.
260 _aBuenos Aires :
_bUniversidad Nacional de General Sarmiento,
_c2008.
300 _aDVD (16 min.) : son., col.
505 0 _aGrupo de realización: cámaras y edición: Romina Benítez. Producción: Yamina Oviedos. Realizado en el marco de la asignatura Taller 3, Programación y Producción de Medios Audiovisuales. Licenciatura en Comunicación. Instituto de Desarrollo Humano.
520 _aEn plena expansión del modelo agroexportador, se hace oir la voz de la incipiente clase agrícola a través del levantamiento de un grupo de colonos del sur de Santa Fe. Así comienza la historia de la primer huelga agraria en nuestro país y de la formación de una conciencia de clase en el campesinado argentino.
650 4 _aARGENTINA
650 4 _aCAMPESINADO
650 4 _aCONCIENCIA DE CLASE
650 4 _aHISTORIA SOCIAL
650 4 _aHUELGAS
650 4 _aHUELGUISTAS
650 4 _aMOVIMIENTOS CAMPESINOS
650 4 _aTRABAJADORES AGRICOLAS
651 4 _aArgentina
653 _aCINE ARGENTINO
653 _aCORTOMETRAJE
653 _aDOCUMENTALES
653 _aDVD
653 _aVIDEOS
710 2 _aUniversidad Nacional de General Sarmiento. Instituto de Desarrollo Humano
905 _a45293
942 _cDVD
999 _c53877
_d53877